000 00775nam a2200253Ia 4500
003 OSt
005 20221006160519.0
006 a|||||r|||| 00| 0
007 ta
008 221006b |||||||| |||| 00| 0 eng d
020 _a9780876332481
_c
_40.90
024 _a45,359
037 _bGift, Prof.Yuichi Kamimura
_cTextual
040 _aEASL
_cEASL
_beng
041 _2eng
_aeng
082 _aN495, Q4
100 _aWOO Hyunsoo
_9673952
245 0 _aTreasures from Korea
_b arts and culture of the joseon dynasty,1392-1910
260 _aSeoul
_bNational museum of korea
_c2014
300 _a362p.
_ccm.
490 _v KEL
_aPhiladelphia Museum of art
942 _hN495, Q4
_cTEXL
_2CC
999 _c1113451
_d1113451